BSOP header

We live forever : (Record no. 22061)

MARC details
000 -LEADER
fixed length control field 00539nam a2200169 4500
008 - FIXED-LENGTH DATA ELEMENTS--GENERAL INFORMATION
fixed length control field 041206t19471947nju b 001 0 eng
090 ## - LOCALLY ASSIGNED LC-TYPE CALL NUMBER (OCLC); LOCAL CALL NUMBER (OCLC)
Classification number (OCLC) (R) ; Classification number, CALL (RLIN) (NR) BT901
Local cutter number (OCLC) ; Book number/undivided call number, CALL (RLIN) St8
100 1# - MAIN ENTRY--PERSONAL NAME
Personal name Strauss, Lehman.
245 10 - TITLE STATEMENT
Title We live forever :
Remainder of title a study of life after death /
Statement of responsibility, etc Lehman Strauss.
260 ## - PUBLICATION, DISTRIBUTION, ETC. (IMPRINT)
Place of publication, distribution, etc Neptune, N.J. :
Name of publisher, distributor, etc Loizeaux Bros.,
Date of publication, distribution, etc 1985, c1947.
300 ## - PHYSICAL DESCRIPTION
Extent 122 p.
490 1# - SERIES STATEMENT
Series statement Bible basics
500 ## - GENERAL NOTE
General note Includes index.
504 ## - BIBLIOGRAPHY, ETC. NOTE
Bibliography, etc Bibliography: p. 122.
650 #4 - SUBJECT ADDED ENTRY--TOPICAL TERM
Topical term or geographic name as entry element Future life.
951 ## - EQUIVALENCE OR CROSS-REFERENCE-GEOGRAPHIC NAME/AREA NAME [OBSOLETE] [CAN/MARC only]
General subdivision 00006340
951 ## - EQUIVALENCE OR CROSS-REFERENCE-GEOGRAPHIC NAME/AREA NAME [OBSOLETE] [CAN/MARC only]
-- 8232
-- BT901/St8
-- 070613111431359
-- 2000-12-21
-- GC
Holdings
Withdrawn status Lost status Damaged status Not for loan Home library Current library Shelving location Date acquired Accession number Shelving control number Total Checkouts Full call number Barcode Date last seen Price effective from Koha item type
        BSOP Library BSOP Library GC 12/21/2000 8232 127   BT901/St8 00006340 02/23/2013 02/23/2013 Books
BSOP

Biblical Seminary of the Philippines
  All rights Reserved
  © 2024

CONTACT INFORMATION

Biblical Seminary of the Philippines,
  77-B Karuhatan Road, Valenzuela City,
  PHILIPPINES 1441
  Phone: +632 8292-6795 / 8292-6798
  Fax : +632 8292-6675
  Email: library@bsop.edu.ph